000
00282nam a2200121Ia 4500
008
190216s9999||||xx |||||||||||||| ||und||
100
_a
Pranab Mukherjee
245
0
_a
Beyond Survival
260
_b
Vikas Publishing House
_c
1984
300
_a
264p
650
_a
Economics
942
_c
BK
999
_c
9627
_d
9627